|
|
|
|
| LEADER |
00000nam0a2200000 4500 |
| 001 |
271428 |
| 005 |
20231101234433.0 |
| 035 |
|
|
|a (RuTPU)RU\TPU\book\294610
|
| 090 |
|
|
|a 271428
|
| 100 |
|
|
|a 20141007d1980 m y0rusy50 ca
|
| 101 |
0 |
|
|a rus
|
| 102 |
|
|
|a RU
|
| 105 |
|
|
|a a j 000zy
|
| 200 |
1 |
|
|a Теория дифракции
|e учебное пособие
|f Р. Б. Ваганов, Б. З. Каценеленбаум
|g Московский физико-технический институт (Государственный университет) (МФТИ)
|
| 210 |
|
|
|a Москва
|c Изд-во МФТИ
|d 1980
|
| 215 |
|
|
|a 78 с.
|c ил.
|
| 606 |
1 |
|
|a Дифракция
|x (электромагнетизм)
|2 stltpush
|3 (RuTPU)RU\TPU\subj\39079
|9 59295
|
| 606 |
1 |
|
|a Дифракция
|x (акустика)
|2 stltpush
|3 (RuTPU)RU\TPU\subj\9674
|9 36860
|
| 610 |
1 |
|
|a теория
|
| 610 |
1 |
|
|a уравнения
|
| 610 |
1 |
|
|a дополнительные условия
|
| 610 |
1 |
|
|a границы раздела
|
| 610 |
1 |
|
|a точки
|
| 610 |
1 |
|
|a поля
|
| 610 |
1 |
|
|a теорема единственности
|
| 610 |
1 |
|
|a разделение переменных
|
| 610 |
1 |
|
|a учебные пособия
|
| 675 |
|
|
|a 537.874(075.8)
|v 3
|
| 675 |
|
|
|a 534.26(075.8)
|v 3
|
| 700 |
|
1 |
|a Ваганов
|b Р. Б.
|g Роальд Борисович
|
| 701 |
|
1 |
|a Каценеленбаум
|b Б. З.
|g Борис Захарович
|
| 712 |
0 |
2 |
|a Московский физико-технический институт (Государственный университет) (МФТИ)
|2 stltpush
|3 (RuTPU)RU\TPU\col\222
|
| 801 |
|
1 |
|a RU
|b 63413507
|c 20141007
|
| 801 |
|
2 |
|a RU
|b 63413507
|c 20190717
|g RCR
|
| 942 |
|
|
|c BK
|